Szczegóły MARC21

Wprowadzenie do systemów baz danych /

003 -Nazwa inst., której nr kontr. jest w polu 001 [,]
    • @
    • Nazwa instytucji, której n kontrolny jest w polu 001
    • NUKAT
005 -DATA I CZAS OSTATNIEJ MODYFIKACJI [,]
    • @
    • pole kontrolne
    • 20241231095241.0
020 -Międzynarod. znormalizowany nr książki - ISBN [ , ]
    • a
    • Numer ISBN
    • 8320425417 Find
040 -Instytucja sporządzająca opis [ , ]
    • a
    • Instytucja, która sporządziła opis (NP)
    • WR U/al
    • c
    • Instytucja, która sporządziła rekord (NP)
    • WR U/al
    • d
    • Instytucja, która zmodyfikowała rekord (P)
    • WR U/dl
    • d
    • Instytucja, która zmodyfikowała rekord (P)
    • WR U/DZs
    • d
    • Instytucja, która zmodyfikowała rekord (P)
    • WA U/94ANK
041 -Język dokumentu [1, ]
    • a
    • Język tekstu (P)
    • polski
    • h
    • Język tekstu oryginalnego i/lub pośredniego (P)
    • angielski
942 -Rodzaj dokumentu [ , ]
    • c
    • Rodzaj dokumentu
    • Książka
100 -Hasło główne - nazwa osobowa [1, ]
    • a
    • Nazwa osobowa (NP)
    • Date, C. J.
    • d
    • Daty biograficzne (NP)
    • (1941- ).
    • 9
    • KHW
    • 398215
240 -Tytuł ujednolicony [1,0]
    • a
    • Tytuł ujednolicony
    • Introduction to database systems
    • l
    • Język tekstu
    • (pol.)
    • 9
    • KHW
    • 398218
245 -Strefa tytułu i oznaczenia odpowiedzialności [1,0]
    • a
    • Tytuł
    • Wprowadzenie do systemów baz danych / Find
    • c
    • Pozostałe elementy strefy tytułu i oznaczenia odpowiedzialności (NP)
    • C. J. Date ; z ang. przeł. Wiesław Nowak (tekst podstawowy), Barbara Jaskólska (dodatki).
250 -Strefa wydania [ , ]
    • a
    • Oznaczenie wydania (NP)
    • Wyd. 2 całkowicie zm.
260 -Strefa adresu wydawniczego [ , ]
    • a
    • Miejsce wydania (P)
    • Warszawa :
    • b
    • Nazwa wydawcy (P)
    • Wydawnictwa Naukowo-Techniczne,
    • c
    • Data wydania (P)
    • 2000.
300 -Strefa opisu fizycznego [ , ]
    • a
    • Określenie formy książki i/lub objętość (NP)
    • 918 s. :
    • b
    • Oznaczenie ilustracji (NP)
    • il., rys. ;
    • c
    • Format (NP)
    • 25 cm.
336 -Typ zawartości [ , ]
    • a
    • Termin opisujący typ zawartości
    • Tekst
    • b
    • Kod określający zawartość
    • txt
    • 2
    • Źródło (terminu i kodu)
    • rdacontent
337 -Typ mediów [ , ]
    • a
    • Tryb odtwarzania
    • Bez urządzenia pośredniczącego
    • b
    • Kod typu mediów
    • n
    • 2
    • Źródło (terminu i kodu)
    • rdamedia
338 -Typ/rodzaj nośnika [ , ]
    • a
    • Hasło opisujące typ nośnika
    • Wolumin
    • b
    • Kod typu nośnika
    • nc
    • 2
    • Źródło (terminu i kodu)
    • rdacarrier
490 -Strefa serii i książki wielotomowej - forma nie do wyszukiwania [1, ]
    • a
    • Tytuł (P)
    • Klasyka Informatyki Find
830 -Hasło dodatkowe serii i opisu książki wielotomowej - tytuł ujednolicony/tytuł [ ,0]
    • a
    • Tytuł ujednolicony/tytuł (NP)
    • Klasyka Informatyki
    • 9
    • KHW
    • 534315
504 -Uwaga dot. bibliogr. załącznikowej [ , ]
    • a
    • Uwaga dot. bibliografii załącznikowej
    • Bibliogr. przy rozdz.
504 -Uwaga dot. bibliogr. załącznikowej [ , ]
    • a
    • Uwaga dot. bibliografii załącznikowej
    • Indeks.
080 -Uniwersalna Klasyfikacja Dziesiętna [ , ]
    • a
    • Symbol klasyfikacji
    • 519.683.5
080 -Uniwersalna Klasyfikacja Dziesiętna [ , ]
    • a
    • Symbol klasyfikacji
    • :004.65
650 -Hasło przedmiotowe [ ,7]
    • a
    • Hasło przedmiotowe
    • Bazy danych.
    • 2
    • Źródło terminu
    • kaba
    • 9
    • KHW
    • 102523
650 -Hasło przedmiotowe [ ,7]
    • a
    • Hasło przedmiotowe
    • Bazy danych
    • x
    • Określnik rzeczowy
    • zarządzanie.
    • 2
    • Źródło terminu
    • kaba
    • 9
    • KHW
    • 102522
650 -Hasło przedmiotowe [ ,7]
    • a
    • Hasło przedmiotowe
    • Projektowanie baz danych.
    • 2
    • Źródło terminu
    • kaba
    • 9
    • KHW
    • 126130
650 -Hasło przedmiotowe [ ,7]
    • a
    • Hasło przedmiotowe
    • Ochrona danych (informatyka).
    • 2
    • Źródło terminu
    • kaba
    • 9
    • KHW
    • 121880
980 -Symbol UKD [ , ]
    • a
    • UKD
    • 519.683.5:004.65
700 -Hasło dodatkowe - nazwa osobowa [1, ]
    • a
    • Nazwa osobowa (NP)
    • Nowak, Wiesław Find
    • c
    • Dopowiedzenie inne niż daty biograficzne (NP)
    • (tłumacz).
    • e
    • Określenie rodzaju współpracy
    • Tł.
    • 9
    • KHW
    • 696963
700 -Hasło dodatkowe - nazwa osobowa [1, ]
    • a
    • Nazwa osobowa (NP)
    • Jaskólska, Barbara. Find
    • e
    • Określenie rodzaju współpracy
    • Tł.
    • 9
    • KHW
    • 526447
710 -Hasło dodatkowe - nazwa ciała zbiorowego [2, ]
    • a
    • Nazwa ciała zbiorowego lub nazwa geograficzna jako pierwszy element (NP)
    • Wydawnictwa Naukowo-Techniczne.
    • 4
    • Kod relacji
    • pbl
    • 9
    • KHW
    • 56617
920 -ISBN [ , ]
    • a
    • ISBN
    • 83-204-2541-7 Find
Status udost. Numer inwentarzowy Sygnatura Lokalizacja Data inwentaryzacji
-2E.67911 BE2001-10-10
-3S.88328 BE2001-10-10
-3W.205009W.205009BG2001-11-13
-3W.205010W.205009BG2001-11-13